The Coldplay Quiz - Statistics

General Stats
  • This quiz has been taken 8 times
  • The average score is 12 of 24
Answer Stats
Questions Hint Answer % Correct
#1 Hits #1 Hit (UK and US) Viva la Vida
88%
Albums 2008 Viva la Vida or Death and All His Friends
88%
Questions Biggest hit from their debut album Yellow
88%
Questions Country that Coldplay comes from United Kingdom
75%
Questions Most popular song from their 2014 album A Sky Full of Stars
63%
Questions Most popular song from their 2005 album Fix You
63%
Albums 2000 Parachutes
63%
Questions Massive hit that was a collaboration with The Chainsmokers Something Just Like This
63%
Questions What the people that the kiss cam turned on in 2025 were having Affair
50%
Questions Group that their 2021 #1 hit was a collaboration with BTS
50%
Questions The band's lead singer Chris Martin
50%
Questions Song from their second album that won the Grammy Award for Record of the Year Clocks
50%
Albums 2005 X&Y
50%
Albums 2015 A Head Full of Dreams
38%
Albums 2002 A Rush of Blood to the Head
38%
Albums 2014 Ghost Stories
38%
Questions Event they headlined in 2016: Super Bowl ________ ____ Halftime Show
38%
Questions Song from their 2015 album featuring Beyonce Hymn for the Weekend
38%
Albums 2024 Moon Music
38%
Albums 2021 Music of the Spheres
38%
Albums 2010 Mylo Xyloto
38%
Albums 2019 Everyday Life
25%
#1 Hits #1 Hit (UK) Paradise
25%
#1 Hits #1 Hit (US) My Universe
13%
No matching quizzes found
Score Distribution
Percent of People with Each Score
Percentile by Number Answered
Your Score History
You have not taken this quiz